ბათუმის შოთა რუსთაველის სახელმწიფო უნივერსიტეტის ბიბლიოთეკა

საქართველო და ევროპული სამყარო - ფილოსოფიურ-კულტურული დიალოგი = Georgia and European World - philosophical-cultural dialogue : [კრებული]. ტ. 1 / (ბიბ.ჩანაწერი № 55025)

000 -ლიდერი
ფიქსირებული სიგრძის საკონტროლო ველი 03027nam a2200409Ia 4500
001 - საკონტროლო ნომერი
საკონტროლო ველი 22099
003 - საკონტროლო ნომრის იდენტიფიკატორი
საკონტროლო ველი GE_BSU
005 - ბოლო ოპერაციის თარიღი და დრო
საკონტროლო ველი 20230504114646.0
008 - ფიქსირებული სიგრძის მონაცემთა ელემენტები - ზოგადი ინფორმაცია
ფიქსირებული სიგრძის საკონტროლო ველი 181216s2009||||ge |||||||||||||| ||geo||
020 ## - წიგნის საერთაშორისო სტანდარტული ნომერი
International Standard Book Number 9789941131073
040 ## - კატალოგიზაციის წყარო
Transcribing agency GE_BSU
041 ## - ენის კოდი
Language code of text/sound track or separate title geo
080 ## - უნივერსალური ათობითი კლასიფიკაციის ინდექსი
Universal Decimal Classification number 008.1(479.22.4)+27-475.5 ს-32
245 ## - ცნობა სათაურის შესახებ
Title საქართველო და ევროპული სამყარო - ფილოსოფიურ-კულტურული დიალოგი = Georgia and European World - philosophical-cultural dialogue : [კრებული]. ტ. 1 /
Remainder of title
Statement of responsibility, etc ივანე ჯავახიშვილის სახ. თბილისის სახელმწ. უნ-ტი ; სარედ. საბჭო: იღუმენი მიქაელი (სტანჩიუ), მარია კორნელია ბარლიბა, ანასტასია ზაქარიაძე [და სხვ.]
264 ## - წარმოების, გამოცემის, დისტრიბუციის და სხვა ცნობები
გამოცემის, წარმოების, დისტრიბუციის... ადგილი თბილისი :
გამოცემის, წარმოების, დისტრიბუციის... სახელწოდება თბილ. უნ-ტის გამ-ბა,
გამოცემის, წარმოების, დისტრიბუციის... თარიღი 2009.
300 ## - ფიზიკური აღწერა
Extent 159 გვ. ;
Dimensions 20 სმ.
500 ## - ზოგადი შენიშვნა
General note წიგნში აგრეთვე : ანთიმოზ ივერიელი ქადაგება წმინდა მოციქულთასწორ მეფეთა კონსტანტინე და ელენეს ხსენების დღესასწაულზე გვ. 147
501 ## - შენიშვნა თანმხლებ მასალაზე
With note პარალ. თავფურ. ინგლ. ენ.
504 ## - BIBLIOGRAPHY, ETC. NOTE
Bibliography, etc ბიბლიოგრაფია სტატიების ბოლოს.
546 ## - LANGUAGE NOTE
Language note ტექსტი და რეზიუმე ქართულ და ინგლისურ ენებზე
546 ## - LANGUAGE NOTE
Language note შენიშვნა ინგლისურ ენაზე
546 ## - LANGUAGE NOTE
Language note თავფურცელი ინგლისურ ენაზე
653 ## - INDEX TERM--UNCONTROLLED
Uncontrolled term ანთიმოზ ივერიელი
653 ## - INDEX TERM--UNCONTROLLED
Uncontrolled term საქართველო-ევროპის კულტურული ურთიერთობები
653 ## - INDEX TERM--UNCONTROLLED
Uncontrolled term ქართველი წმინდანები
653 ## - INDEX TERM--UNCONTROLLED
Uncontrolled term ქადაგებები
653 ## - INDEX TERM--UNCONTROLLED
Uncontrolled term კულტურა
653 ## - INDEX TERM--UNCONTROLLED
Uncontrolled term ცივილიზაცია
653 ## - INDEX TERM--UNCONTROLLED
Uncontrolled term რელიგია
653 ## - INDEX TERM--UNCONTROLLED
Uncontrolled term საქართველო და ევროპული სამყარო
700 ## - ADDED ENTRY--PERSONAL NAME
Personal name იღუმენი მიქაელი (სტანჩიუ)
Relator term რედაქტორი
9 (RLIN) 17951
700 ## - ADDED ENTRY--PERSONAL NAME
Personal name მარია კორნელია ბარლიბა
Relator term რედაქტორი
9 (RLIN) 17952
700 ## - ADDED ENTRY--PERSONAL NAME
Personal name ზაქარიაძე, ანასტასია [და სხვ.]
Relator term რედაქტორი
9 (RLIN) 17953
710 ## - ADDED ENTRY--CORPORATE NAME
Corporate name or jurisdiction name as entry element ივანე ჯავახიშვილის სახ. თბილისის სახელმწ. უნ-ტი
9 (RLIN) 17954
942 ## - ADDED ENTRY ELEMENTS (KOHA)
Koha item type წიგნი
Source of classification or shelving scheme
ეგზემპლარები
ჩამოწერის სტატუსი დაკარგული ეგზემპლარის სტატუსი კლასიფიკაციის წყარო ან თაროზე გაწყობის სქემა დაზიანების სტატუსი არ გაიცემა მუდმივი მდებარეობა (დაცვის ადგილი) ამჟამინდელი ადგილსამყოფელი თაროზე განთავსების ადგილი შეძენის თარიღი ღირებულება, შესყიდვის ნორმალური ფასი სრული შენახვის შიფრი შტრიხკოდი ბოლო ოპერაციის თარიღი ეგზემპლარის მიმდევრობითი ნომერი (კეტერი?) ფასის ძალაში შესვლის თარიღი ეგზემპლარის სახეობა საჯარო შენიშვნა Uniform Resource Identifier
          ბათუმის შოთა რუსთაველის სახელმწიფო უნივერსიტეტის მთავარი ბიბლიოთეკა ბათუმის შოთა რუსთაველის სახელმწიფო უნივერსიტეტის მთავარი ბიბლიოთეკა წიგნსაცავი 2018-12-17 7.90 008.1(479.22:4)+27-475.5 ს-32 56998 2018-12-17 56998 2018-12-17 წიგნი 7 ლ. 90 თ.  
          ბათუმის შოთა რუსთაველის სახელმწიფო უნივერსიტეტის მთავარი ბიბლიოთეკა ბათუმის შოთა რუსთაველის სახელმწიფო უნივერსიტეტის მთავარი ბიბლიოთეკა წიგნსაცავი 2023-05-04 5.00 008.1(479.22.4)+27-475.5 ს-32 64352 2023-05-04 64352 2023-05-04 წიგნი 5 ლ. ბსუ-ს საპატიო დოქტორის გურამ ლორთქიფანიძის საჩუქარი